Saitama Railway Line - All Stations - Statistics

General Stats
  • This quiz has been taken 29 times
  • The average score is 7 of 8
Answer Stats
Station Number Station % Correct
SR-19 Akabane-Iwabuchi
100%
SR-26 Urawa-Misono
100%
SR-25 Higashi-Kawaguchi
96%
SR-22 Hatogaya
92%
SR-21 Minami-Hatogaya
85%
SR-20 Kawaguchi-Motogo
81%
SR-23 Araijuku
54%
SR-24 Tozuka-Angyo
50%
No matching quizzes found
Score Distribution
Percent of People with Each Score
Percentile by Number Answered
Your Score History
You have not taken this quiz